Fragmentos para una antropología de la actividad física

Gorde:
Xehetasun bibliografikoak
Egile nagusia: Pastor Pradillo, José Luis (autor)
Formatua: Liburua
Hizkuntza:gaztelania
Argitaratua: Madrid Paidotribo 2000
Gaiak:
Etiketak: Etiketa erantsi
Etiketarik gabe, Izan zaitez lehena erregistro honi etiketa jartzen!

MARC

LEADER 00000nam a2200000 a 4500
001 UCN3297
003 CL-VaPUC
008 010622e20000000SP |||||||||||||||||spa|d
082 0 4 |a 790.09  |b PAS  |2 21 
100 |a Pastor Pradillo, José Luis  |e autor  |9 459804 
245 1 0 |a Fragmentos para una antropología de la actividad física 
300 |a 254 p 
942 |c BK 
945 |d 20010622 00:00:00  |a cmena 
260 |a Madrid  |b Paidotribo  |c 2000 
650 0 |a Juegos   |9 243060 
650 0 |a Deportes  |9 224367 
650 7 |a HISTORIA DEL DEPORTE  |2 CL-VaPUC  |9 459805 
650 7 |a TAUROMAQUIA  |2 CL-VaPUC  |9 449565 
650 7 |a ESOTERISMO  |2 CL-VaPUC  |9 369448 
650 0 |a Costumbres y tradiciones   |9 268292 
650 7 |a GIMNASIA  |2 CL-VaPUC  |9 307275 
583 |a last modification  |c 20010622 00:00:00  |k Rodrigo Vera 
999 |c 296222  |d 296220 
952 |0 0  |1 0  |4 0  |6 790_090000000000000_PAS_2000  |7 0  |8 P  |9 349845  |a BIBEDU  |b BIBEDU  |c BIBEDU_PB  |d 2019-11-20  |i 3732940  |o 790.09 PAS 2000  |p 3732940  |r 2019-11-20  |w 2019-11-20  |y BK  |k EFI